Statistics for Pokémon Gym Leaders

Click here to take the quiz!

General Stats

  • This quiz has been taken 158 times
    (149 since last reset)
  • The average score is 60 of 77

Answer Stats

GenerationCityTypeAnswer% Correct
1Pewter CityRockBrock
100%
1Cerulean CityWaterMisty
98%
1Viridian CityGroundGiovanni
97%
1Celadon CityGrassErika
96%
1Fuchsia CityPoisonKoga
96%
1Vermilion CityElectricLt. Surge
95%
1Saffron CityPsychicSabrina
95%
2Azalea TownBugBugsy
93%
3Petalburg CityNormalNorman
93%
1Cinnabar IslandFireBlaine
91%
1Viridian CityVariousBlue
91%
3Dewford TownFightingBrawly
90%
3Rustboro CityRockRoxanne
90%
2Goldenrod CityNormalWhitney
90%
2Blackthorn CityDragonClair
89%
3Lavaridge TownFireFlannery
89%
2Olivine CitySteelJasmine
89%
2Cianwood CityFightingChuck
88%
2Violet CityFlyingFalkner
88%
5Opelucid CityDragonIris
88%
2Ecruteak CityGhostMorty
86%
4Oreburgh CityRockRoark
85%
3Mauville CityElectricWattson
85%
4Pastoria CityWaterCrasher Wake
84%
3Sootopolis CityWaterWallace
84%
3Fortree CityFlyingWinona
84%
4Eterna CityGrassGardenia
83%
4Snowpoint CityIceCandice
82%
5Nimbasa CityElectricElesa
82%
1Fuchsia CityPoisonJanine
82%
3Mossdeep CityPsychicTate And Liza
82%
5Castelia CityBugBurgh
81%
5Striaton CityGrass/Fire/WaterCilan
81%
2Mahogany TownIcePryce
81%
4Hearthome CityGhostFantina
80%
5Mistralton CityFlyingSkyla
80%
4Sunyshore CityElectricVolkner
80%
5Striaton CityGrass/Fire/WaterCress
79%
3Sootopolis CityWaterJuan
79%
8HulburyWaterNessa
79%
5Opelucid CityDragonDrayden
78%
4Veilstone CityFightingMaylene
78%
8Stow-On-StideFightingBea
77%
6Shalour CityFightingKorrina
77%
5Striaton CityGrass/Fire/WaterChili
76%
5Virbank CityPoisonRoxie
76%
5Driftveil CityGroundClay
75%
4Canalave CitySteelByron
74%
5Aspertia CityNormalCheren
72%
6Lumiose CityElectricClemont
72%
8SpikemuthDarkMarnie
71%
6Anistar CityPsychicOlympia
71%
8BallonleaFairyBede
70%
5Icirrus CityIceBrycen
70%
6Cyllage CityRockGrant
70%
8MotostokeFireKabu
70%
8TurffieldGrassMilo
70%
6Santalune CityBugViola
70%
8Stow-On-StideGhostAllister
69%
5Nacrene CityNormalLenora
69%
6Snowbelle CityIceWulfric
69%
8SpikemuthDarkPiers
68%
8HammerlockeDragonRaihan
67%
6Coumarine CityGrassRamos
67%
6Laverre CityFairyValerie
66%
9MedaliNormalLarry
65%
5Humilau CityWaterMarlon
64%
8BallonleaFairyOpal
64%
8CirchesterIceMelony
63%
9LevinciaElectricIono
61%
9TulipPsychicTulip
59%
8CirchesterRockGordie
57%
9MonteneveraGhostRyme
55%
9ArtazonGrassBrassius
54%
9CortondoBugKaty
54%
9GlaseadoIceGrusha
53%
9CascarrafaWaterKofu
51%

Score Distribution

Percentile by Number Answered

Percent of People with Each Score

Your Score History

You have not taken this quiz since the last reset